Normal view
MARC view
Entry Personal Name
001 - CONTROL NUMBER
- control field: 80191
003 - CONTROL NUMBER IDENTIFIER
- control field: dpl
005 - DATE AND TIME OF LATEST TRANSACTION
- control field: 20250403125200.0
008 - FIXED-LENGTH DATA ELEMENTS
- fixed length control field: 250403|| aca||aabn | a|a d
040 ## - CATALOGING SOURCE
- Original cataloging agency: dpl
- Transcribing agency: dpl
100 ## - HEADING--PERSONAL NAME
- Personal name: Dubbrovin, M.I
670 ## - SOURCE DATA FOUND
- Source citation: Work cat.: (dpl)210717: Dubbrovin, M.I., Situational Grammer/, 2016
